Thermophysical properties of selected gases below 300º K /

Guardado en:
Otros Autores: Guereca, R. A.
Formato: Libro
Idioma:English
Publicado: Washington : U.S. Dept. of the Interior, Bureau of Mines, 1967.
Series:Information circular (United States. Bureau of Mines) ; 8317.
Materias:
Etiquetas: Agregar Etiqueta
Sin Etiquetas, Sea el primero en etiquetar este registro!
LEADER 00885cam a22002295a 4500
001 EIQ.libpla001683
008 700324s1967####dcu######b####000#0#eng#d
005 20140312150626.0
245 0 0 |a Thermophysical properties of selected gases below 300º K /  |c by R. A. Guereca ... [et al.]. 
260 |a Washington :  |b U.S. Dept. of the Interior, Bureau of Mines,  |c 1967. 
300 |a 1 v. (en varias paginaciones) ;  |c 27 cm. 
490 1 |a Bureau of Mines. Information circular, 8317 
504 |a Incluye referencias bibliográficas. 
700 1 |a Guereca, R. A. 
830 0 |a Information circular (United States. Bureau of Mines) ;  |v 8317. 
650 4 |a Gases  |x Tablas. 
650 4 |a Gases  |x Propiedades térmicas. 
650 4 |a Gases  |x Thermal properties. 
650 4 |a Gases  |x Tables. 
010 |a  67060860  
040 |a DLC  |c DLC  |d AR-BbSID 
859 |a AR-BbSID  |b BIB. PLAPIQUI  |h 541.36  |i T 343  |k R  |p 2927